O estrangeiro / (Record no. 346)

MARC details
000 -LÍDER
campo de controle de tamanho fixo 01438nam a2200349 4500
001 - NÚMERO DE CONTROLE
campo de controle 346
003 - IDENTIFICADOR DO NÚMERO DE CONTROLE
campo de controle OSt
005 - DATA E HORÁRIO DA ÚLTIMA TRANSAÇÃO
campo de controle 20250528074018.0
008 - CAMPO DE DADOS FIXOS--INFORMAÇÃO GERAL
campo de controle de tamanho fixo 250331b |||||||e |||| 00| 1 eng d
040 ## - FONTE DA CATALOGAÇÃO
Idioma da catalogação por
041 ## - CÓDIGO DE IDIOMA
Código do idioma do original e/ou traduções intermediárias do texto fre
Código do idioma do texto/trilha sonora ou título diferente por
082 ## - CDD - CLASSIFICAÇÃO DECIMAL DE DEWEY
Número de Classificação 843
Número do exemplar C211e
100 1# - ENTRADA PRINCIPAL--NOME PESSOAL
Nome pessoal Camus, Albert,
Datas associadas ao nome 1913-1960
9 (RLIN) 215
240 ## - TÍTULO UNIFORME
Título uniforme L´Étranger
245 ## - TÍTULO
Título O estrangeiro /
Indicação de responsabilidade, etc. Camus, Albert ; Tradução de Antonio Quadros
260 ## - PUBLICAÇÃO, DISTRIBUIÇÃO, ETC.
Local de publicação, distribuição, etc. São Paulo
Nome do editor, distribuidor, etc. Abril
Data da publicação, distribuição, etc. 1972
300 ## - DESCRIÇÃO FÍSICA
Extensão 154 p.
490 1# - TÍTULO DA SÉRIE
Título da série Os imortais da Literatura Universal
Número do volume ou designação sequencial da série vol. 49
520 ## - NOTA DE RESUMO, ETC.
Resumo, etc. "O Estrangeiro", tão popular porque, à parte ser a seca narrativa das desventuras de Mersault, condenado à morte por matar um árabe a troco de nada, é também a narrativa das desventuras de um homem do século XX. Uma autobiografia de todo mundo. Mersault leva uma vida banal; recebe, indiferentemente, a notícia da morte da mãe; comete o crime; é preso; julgado; tudo gratuito, sem sentido, apenas mais um homem arrastado pela correnteza da vida e da História.
650 #0 - ASSUNTO--TERMO TÓPICO
Cabeçalho tópico ou nome geográfico Literatura francesa
9 (RLIN) 122
650 #0 - ASSUNTO--TERMO TÓPICO
Cabeçalho tópico ou nome geográfico Filosofia
9 (RLIN) 4
650 #0 - ASSUNTO--TERMO TÓPICO
Cabeçalho tópico ou nome geográfico Absurdismo
9 (RLIN) 661
650 #0 - ASSUNTO--TERMO TÓPICO
Cabeçalho tópico ou nome geográfico Existencialismo
9 (RLIN) 217
650 #0 - ASSUNTO--TERMO TÓPICO
Cabeçalho tópico ou nome geográfico Auto Conhecimento
9 (RLIN) 19
650 #0 - ASSUNTO--TERMO TÓPICO
Cabeçalho tópico ou nome geográfico Drama
9 (RLIN) 18
650 #0 - ASSUNTO--TERMO TÓPICO
Cabeçalho tópico ou nome geográfico Clássicos
9 (RLIN) 77
655 #0 - TERMO DE ÍNDICE--GÊNERO E FORMA
Gênero/forma/ou termo foco Romance
655 #0 - TERMO DE ÍNDICE--GÊNERO E FORMA
Gênero/forma/ou termo foco Ficção
700 ## - ENTRADA ADICIONADA - NOME PESSOAL
Nome pessoal Antonio Quadros
Função do autor por extenso Tradução
9 (RLIN) 721
830 ## - ENTRADA SECUNDÁRIA DE SÉRIE--TÍTULO UNIFORME
Título uniforme Os Imortais da Literatura Universal
9 (RLIN) 461
Número do volume ou designação sequencial da série vol. 49
942 ## - ELEMENTOS DE ENTRADA ADICIONADOS (KOHA)
Fonte de classificação ou esquema de arquivamento Classificação decimal de Dewey
Ocultar no OPAC Não
Tipo de material Koha Livros
Holdings
Situação do descarte Situação das perdas Fonte de classificação ou esquema de arquivamento Status danificado Não pode ser emprestado Coleção Biblioteca de origem Biblioteca atual Localização na estante Data de aquisição Fonte de aquisição Total de empréstimos Número de chamada completo Código de barras Data de último acesso Data do preço efetivo Tipo de material Koha
    Classificação decimal de Dewey     Ficção Biblioteca Professor Eduardo Afonso de Castro Biblioteca Professor Eduardo Afonso de Castro Literatura Estrangeira 31.03.2025 doação   843 / C211e 2025-17300 31.03.2025 31.03.2025 Livros

Powered by Koha